• 首页
  • 本馆介绍
  • 公告通知
  • 最新文献
  • 馆藏检索
  • 电子资源
  • 读者导购
  • 参考咨询
  • 我的图书馆
  • 登录
  • 详细信息显示
  • 放入我的书架
  • 预约/预借图书
  • 作者相关作品
  • 分类相关作品
  • 丛书相关作品
  • 出版社相关作品

书目信息

  • 表格格式
  • 工作单格式
  • 卡片格式
题名:
玩透旧金山
    
 
作者: 陈玉治 著
分册:  
出版信息: 北京   电子工业出版社  2014
页数: 205页
开本: 21cm
丛书名: 达人旅行手册
单 册:
中图分类: K971.2
科图分类:
主题词: 旅游指南--Lvyouzhinan--夏威夷
电子资源:
ISBN: 978-7-121-23392-0
000 00968nam0 2200265 450
001 800
005 20160908145832.65
010    @a978-7-121-23392-0@dCNY39.80
100    @a20130525d2014 em y0chiy0110 ea
101 0  @achi
102    @aCN@b110000
105    @aab z 000yy
200 1  @a玩透旧金山@Awan tou jiu jin shan@9Wantouxiaweiyi@f陈玉治著
210    @a北京@c电子工业出版社@d2014
215    @a205页@c彩图,地图@d21cm
225 2  @a达人旅行手册@9Darenlvxingshouce@e最新版
305    @a由台湾太雅出版有限公司授权出版
330    @a本书以优美、流畅的文笔,简明扼要地阐述了旧金山的地理环境、政治经济、历史变革、文化艺术,以大量富有艺术感染力的彩色照片,生动形象地展示了夏威夷最具特色的名胜古迹、风土人情和自然风光。
461  0 @12001 @a达人旅行手册
517 1  @a夏威夷@9Xiaweiyi
606 0  @a旅游指南@9Lvyouzhinan@y夏威夷
690    @aK971.2@v5
701  0 @a陈玉治@9Chenyuzhi@4著
801  0 @aCN@b唐山师范学院图书馆@c20160723
905    @aZUCC@dK971.2@e368
    
    玩透旧金山/陈玉治著.-北京:电子工业出版社,2014
    205页:彩图,地图;21cm.-(达人旅行手册:最新版)
    
    
    ISBN 978-7-121-23392-0:CNY39.80
    本书以优美、流畅的文笔,简明扼要地阐述了旧金山的地理环境、政治经济、历史变革、文化艺术,以大量富有艺术感染力的彩色照片,生动形象地展示了夏威夷最具特色的名胜古迹、风土人情和自然风光。
●
相关链接 在E读中查询图书 在五车中查询图书 在当当中查询图书 在豆瓣中查询图书


正题名:玩透旧金山     索取号:K971.2/368         预约/预借

序号 登录号 条形码 馆藏地/架位号 状态 备注
1 903490   209034908   第二样本阅览室/ [索取号:K971.2/368] 在馆    
2 903491   209034917   第二借阅区/ [索取号:K971.2/368] 在馆    
3 903492   209034926   第二借阅区/ [索取号:K971.2/368] 在馆    
4 903493   209034935   第二借阅区/ [索取号:K971.2/368] 在馆    
唐山师范学院图书馆 欢迎您!
大连网信软件有限公司© 版权所有